Bảo vệ môi trường để phát triển du lịch Bà Rịa - Vũng Tàu bền vững

में बचाया:
ग्रंथसूची विवरण
मुख्य लेखक: Nguyễn, Quốc Tuấn
स्वरूप: पुस्तक
भाषा:Undetermined
विषय:
ऑनलाइन पहुंच:http://lrc.tdmu.edu.vn/opac/search/detail.asp?aID=2&ID=24149
टैग : टैग जोड़ें
कोई टैग नहीं, इस रिकॉर्ड को टैग करने वाले पहले व्यक्ति बनें!
Thư viện lưu trữ: Trung tâm Học liệu Trường Đại học Thủ Dầu Một
LEADER 00659nam a2200145Ia 4500
001 TDMU_24149
008 210410s9999 xx 000 0 und d
082 |a 363.7 
100 |a Nguyễn, Quốc Tuấn 
245 0 |a Bảo vệ môi trường để phát triển du lịch Bà Rịa - Vũng Tàu bền vững 
245 0 |c Nguyễn Quốc Tuấn 
300 |a Tr.24-26 
650 |a Bảo vệ môi trường; Phát triển du lịch ; Bà Rịa - Vũng Tàu ; Môi trường 
856 |u http://lrc.tdmu.edu.vn/opac/search/detail.asp?aID=2&ID=24149 
980 |a Trung tâm Học liệu Trường Đại học Thủ Dầu Một